| 000 | 01631nam a2200289 i 4500 | ||
|---|---|---|---|
| 001 | 20211 | ||
| 003 | ES-MaACL | ||
| 005 | 20250904002402.0 | ||
| 007 | t| | ||
| 008 | 021108s1881 sp ||||1| spa d | ||
| 245 | 0 | 0 | _aAguas termales clorurado-sódicas bicarbonatadas, alcalinas, nitrogenadas de Hoznayo (Fuentes del Francés) en el pueblo de Término, provincia de Santander. |
| 246 | 3 | 4 | _aAnálisis químico de la aguas minerales de Hoznayo (Fuentes del Francés), provincia de Santander. |
| 260 |
_aSantander : _b[s.n.], _c1881 ( _fImp. y Lit. de J.M. Martínez) |
||
| 300 |
_a56, [6] p., [1] h. pleg. : _bil. ; _c22 cm. |
||
| 505 | 8 | _aContiene: Análisis de las aguas / practicado por los señores D. José María Cagigal Ruiz y D. José Escalante y González . Memoria médica acerca del modo de obrar de las aguas de Hoznayo, Término (Fuentes del Francés) / redactada por los doctores D. Modesto Martínez Pacheco, D. Laureano García Camisón y D. Santiago González Encinas | |
| 530 | _aDisponible en formato digital. | ||
| 650 | 4 |
_aAguas minerales- _zSantander (Provincia) _9172329 |
|
| 650 | 4 |
_aFuentes termales- _zSantander (Provincia) _9172331 |
|
| 700 | 1 |
_aCagigal Ruiz, José María. _933425 |
|
| 700 | 1 |
_aEscalante González, José. _947469 |
|
| 700 | 1 |
_aMartínez Pacheco, Modesto, _d1838-1898 _9129634 |
|
| 700 | 1 |
_aGarcía Camisón, Laureano ( _d1836-1910) _9172330 |
|
| 700 | 1 |
_aGonzález Encinas, Santiago, _d1836-1887 _9127406 |
|
| 852 |
_aES-MaACL _jT-362-F-21 |
||
| 856 |
_uhttp://bdh-rd.bne.es/viewer.vm?id=0000087997&page=1 _zBiblioteca Digital Hispánica |
||
| 999 |
_c20211 _d20211 |
||